| 000 | 00691nam a22001937a 4500 | ||
|---|---|---|---|
| 999 |
_c19583 _d19583 |
||
| 003 | AR-CdUCM | ||
| 008 | 190518b ||||| |||| 00| 0 spa d | ||
| 040 |
_aMUNICIPALIDAD PROVINCIAL DEL CUSCO _cBIBLIOTECA MUNICIPAL DEL CUSCO |
||
| 082 |
_a140 / _bW18 |
||
| 100 |
_aWahl, Jean. _96470 |
||
| 245 | _aTratado de metafísica / | ||
| 260 |
_aMéxico : _bFondo de cultura económica, _c1960. |
||
| 300 |
_a687 páginas ; _c22 cm. |
||
| 505 | _aContenido : El devenir -- Génesis de las permanencias -- Las esencias cualitativas -- Hacia el hombre -- Los residuos ... | ||
| 650 |
_aResiduos. _941008 |
||
| 650 |
_aRecursos naturales. _91988 |
||
| 942 |
_2ddc _cLIBROS |
||
| 945 |
_arum _d2019-05-18 |
||